| 000 | 00476nam a2200169Ia 4500 | ||
|---|---|---|---|
| 999 |
_c26445 _d26445 |
||
| 003 | OSt | ||
| 005 | 20210111135158.0 | ||
| 008 | 190216s9999||||xx |||||||||||||| ||und|| | ||
| 040 | _coclc | ||
| 082 |
_a894.8122 _bTHI/R |
||
| 100 |
_aThikkodian _96697 |
||
| 245 | 0 |
_aRajamargam / _cThikkodian |
|
| 260 |
_bPoorna Publication, _c1989. _a Kozhikode: |
||
| 300 | _a90p | ||
| 650 | _aMalayalam Nadakam | ||
| 942 |
_cBK _2ddc _h894.8122 _iTHI/R _k894.8122 _mTHI/R |
||